Agriculture and the state : (Record no. 18475)

000 -LEADER
fixed length control field 00721pam a2200193 a 4500
020 ## - INTERNATIONAL STANDARD BOOK NUMBER
ISBN 0801426014 (alk. paper)
020 ## - INTERNATIONAL STANDARD BOOK NUMBER
ISBN 0801499119 (pbk. : alk. paper)
040 ## - CATALOGING SOURCE
Transcribing agency DLC
082 00 - DEWEY DECIMAL CLASSIFICATION NUMBER
Classification number 338 CUP 1991 C146 Or.
245 00 - TITLE STATEMENT
Title Agriculture and the state :
Remainder of title growth, employment, and poverty in developing countries /
260 ## - PUBLICATION, DISTRIBUTION, ETC. (IMPRINT)
Place of publication Ithaca :
Name of publisher Cornell University Press,
Year of publication 1991.
300 ## - PHYSICAL DESCRIPTION
Number of Pages xiii, 311 p. :
Other physical details ill. ;
Dimensions 23 cm.
500 ## - GENERAL NOTE
General note Papers from a conference on the role of government in agricultural development, held in August 1989 in Marbach Castle on Lake Constance.
650 #0 - SUBJECT ADDED ENTRY--TOPICAL TERM
Topical Term Agriculture and state
650 #0 - SUBJECT ADDED ENTRY--TOPICAL TERM
Topical Term Agricultural laborers
650 #0 - SUBJECT ADDED ENTRY--TOPICAL TERM
Topical Term Rural poor
700 1# - ADDED ENTRY--PERSONAL NAME
Personal name Timmer, C. Peter.
942 ## - ADDED ENTRY ELEMENTS (KOHA)
Koha item type ADB
952 ## - LOCATION AND ITEM INFORMATION (KOHA)
Withdrawn status [LOCAL, KOHA] 0
Holdings
Source of acquisition Permanent Location Date acquired Koha item type Lost status Shelving location Current Location Full call number
A36198Library Block C2019-12-09សៀវភៅភាសាអង់គ្លេស C146Library Block C338 CUP 1991 C146 Or.
មជ្ឈមណ្ឌលឯការនៃសាកលវិទ្យាល័យភូមិន្ទកសិកម្មចំការដូង

Powered by Koha